[Event "Augsburg Afro op"]
[Site "Augsburg"]
[Date "1997.??.??"]
[Round "2"]
[White "Hoy, Bernd"]
[Black "Neukam, Harald"]
[Result "1-0"]
[WhiteElo "2035"]
[BlackElo "1725"]
[PlyCount "73"]
[EventDate "1997.??.??"]
[EventType "swiss"]
[EventRounds "7"]
[EventCountry "GER"]
[SourceTitle "EXT 2006"]
[Source "ChessBase"]
[SourceDate "2005.11.24"]
[SourceVersion "1"]
[SourceVersionDate "2005.11.24"]
[SourceQuality "1"]

1. d4 d5 2. e4 dxe4 3. Nc3 Nf6 4. Bg5 Nc6 5. d5 Ne5 6. Qd4 Ng6 7. 0-0-0 c6 8. Bxf6 gxf6 9. dxc6 Qxd4 10. Rxd4 bxc6 11. Nxe4 Bh6+ 12. Kb1 0-0 13. Nf3 Be6 14. Bc4 Ne5 15. Bxe6 Nxf3 16. Bxf7+ Kxf7 17. gxf3 Rfd8 18. Rhd1 Rxd4 19. Rxd4 Rg8 20. Ng3 Ke6 21. c4 Rg5 22. f4 Ra5 23. f5+ Kf7 24. Rh4 Kg7 25. Re4 Kf7 26. a3 Bg5 27. h4 Bh6 28. Kc2 Ke8 29. f4 Kd7 30. Kc3 c5 31. Ne2 Ra6 32. Kc2 e6 33. Ng3 Bf8 34. Re3 Bh6 35. Ne4 Rc6 36. Nxf6+ Ke7 37. Ng8+ 1-0

[Event "Augsburg Afro op"]
[Site "Augsburg"]
[Date "1997.??.??"]
[Round "4"]
[White "Kunze, Holger"]
[Black "Neukam, Harald"]
[Result "1-0"]
[WhiteElo "2070"]
[BlackElo "1725"]
[PlyCount "81"]
[EventDate "1997.??.??"]
[EventType "swiss"]
[EventRounds "7"]
[EventCountry "GER"]
[SourceTitle "EXT 2006"]
[Source "ChessBase"]
[SourceDate "2005.11.24"]
[SourceVersion "1"]
[SourceVersionDate "2005.11.24"]
[SourceQuality "1"]

1. e4 e5 2. Nf3 Nc6 3. Bb5 a6 4. Ba4 Nf6 5. 0-0 Be7 6. Re1 b5 7. Bb3 0-0 8. d3 d6 9. c3 Na5 10. Bc2 c5 11. Nbd2 Nc6 12. Nf1 Bg4 13. h3 Bh5 14. Ng3 Bg6 15. d4 cxd4 16. cxd4 Rc8 17. Be3 exd4 18. Bxd4 Nxd4 19. Nxd4 Nd7 20. Ndf5 Nc5 21. b4 Ne6 22. Bb3 Re8 23. Rc1 Rxc1 24. Qxc1 Qd7 25. Rd1 Nc7 26. Qf4 Rd8 27. e5 d5 28. Bxd5 Nxd5 29. Rxd5 Qc7 30. Rxd8+ Qxd8 31. Nxe7+ Qxe7 32. Qd4 h6 33. Kh2 Bb1 34. a3 Ba2 35. Ne4 Qc7 36. Nc5 a5 37. Qd6 Qa7 38. Qd8+ Kh7 39. Qxa5 Qxa5 40. bxa5 Kg6 41. g4 1-0

[Event "Augsburg Afro op"]
[Site "Augsburg"]
[Date "1997.??.??"]
[Round "3"]
[White "Neukam, Harald"]
[Black "Volz, Harald"]
[Result "1-0"]
[WhiteElo "1725"]
[BlackElo "2015"]
[PlyCount "123"]
[EventDate "1997.??.??"]
[EventType "swiss"]
[EventRounds "7"]
[EventCountry "GER"]
[SourceTitle "EXT 2006"]
[Source "ChessBase"]
[SourceDate "2005.11.24"]
[SourceVersion "1"]
[SourceVersionDate "2005.11.24"]
[SourceQuality "1"]

1. e4 c5 2. Nf3 d6 3. d4 cxd4 4. Nxd4 Nf6 5. Nc3 a6 6. Be2 e5 7. Nf3 h6 8. 0-0 Be7 9. b3 0-0 10. Bb2 b5 11. Bd3 Bb7 12. Qe2 Nbd7 13. Nh4 b4 14. Na4 Nxe4 15. Nf5 Nec5 16. Qg4 g6 17. Nxh6+ Kg7 18. Nxf7 Rxf7 19. Bxg6 Rf4 20. Qxf4 Kxg6 21. Qg4+ Kf7 22. f4 e4 23. Qg7+ Ke6 24. Rad1 d5 25. f5+ Kd6 26. Nxc5 Nxc5 27. Qe5+ Kc6 28. f6 Bf8 29. f7 Kb6 30. c4 Nd3 31. Bd4+ Ka5 32. Rxd3 exd3 33. cxd5 Qd6 34. Qxd6 Bxd6 35. Bg7 Bc5+ 36. Kh1 Bf8 37. Bd4 Bxd5 38. Be3 Kb5 39. Rf6 Rc8 40. Rb6+ Ka5 41. Rg6 Bc5 42. Rg5 Bxe3 43. Rxd5+ Kb6 44. h4 d2 45. g4 Rc1+ 46. Kg2 Rc2 47. Kf3 Bh6 48. g5 Bg7 49. Ke3 Rxa2 50. Rxd2 Rxd2 51. Kxd2 Kc5 52. h5 Kd6 53. h6 Ke7 54. hxg7 Kxf7 55. Kd3 Kxg7 56. Kc4 Kg6 57. Kxb4 Kxg5 58. Ka5 Kf5 59. Kxa6 Ke6 60. b4 Kd6 61. b5 Kc7 62. Ka7 1-0